| 000 | 01047nam a2200217 i 4500 | ||
|---|---|---|---|
| 001 | 153146 | ||
| 003 | ES-MaACL | ||
| 005 | 20250928112611.0 | ||
| 008 | 931025s1786 sp |||| |dspa d | ||
| 100 | 0 |
_aClemente _bXIV _cPapa. _939210 |
|
| 245 | 1 | 0 |
_aContinuación de las cartas del Papa Clemente XIV (Ganganelli) _b: con varios discursos, un panegírico y otras piezas concernientes a la vida de dicho Papa / _cnuevamente colegidas por el Marqués Caracciolo ; y traducidas de francés en castellano por D. Francisco Mariano Nipho ; tomo V. |
| 250 | _aSegunda impresion. | ||
| 260 |
_aEn Madrid : _bpor Miguel Escribano : _bse hallará en la Librería de Correa..., _c1786. |
||
| 300 |
_a360 p. ; _c8º. |
||
| 597 | _aSign.: A-48, Z4. | ||
| 600 | 0 | 4 |
_aClemente _bXIV _cPapa- _vCorrespondencia. _9167388 |
| 700 | 1 |
_aCaraccioli, Louis-Antoine de _c, marquis ( _d1719-1803) _9126323 |
|
| 700 | 1 |
_aNifo, Francisco Mariano, _d1719-1803 _9130493 |
|
| 852 |
_aES-MaACL _jR-579-83 _z- Enc. pasta _d- Olim: D-3908-12 |
||
| 999 |
_c153146 _d153146 |
||